000 01148nas a2200373 4500
001 BR2011002551
003 BR-BrBNA
005 20231205115526.0
007 ta
008 230509b bl.|||p| |||| 00| 00por d
040 _aBR-BrBNA
_bpor
_cBiblioteca Nacional de Agricultura
041 _a(Pt)
072 _aL01; L51
100 1 _aMoura, G. de S.
100 1 _aBarreto, S.L. de t.
100 1 _aDonzele, J.L.
100 1 _aHosoda, L.R.
100 1 _aPena, G. de M.
100 1 _aAngelini, M.S.
245 1 _aDietas de diferentes densidades energéticas mantendo constante a relação energia metabolizável: nutrientes para codornas japonesas em postura
650 _aAVICULTURA
650 _aNUTRIÇÃO ANIMAL
650 _aCODORNA
650 _aCOTURNIX
650 _aPOSTURA
650 _aEFICIÊNCIA NUTRICIONAL
650 _aDIETA
650 _aNUTRIENTE
650 _aSUPLEMENTO ENERGÉTICO
650 _aMETABOLISMO
773 0 _tRevista Brasileira de Tecnologia (Brazil)
_xISSN 1516-3598
_g(Sep 2008), v. 37(9) p. 1628-1633
_wBR2011002551
909 _a202311
_bLúcia
_c55
_dLúcia Elande
942 _2AGRIS
_n0
_cANA
999 _c214247
_d214247